| 000 | 00531cam a22002051 4500 | ||
|---|---|---|---|
| 001 | sa 65000801 | ||
| 003 | DLC | ||
| 005 | 20260227112105.0 | ||
| 008 | 890908s1964 io 000 0 ind | ||
| 010 | _asa 65000801 | ||
| 035 | _a(OCoLC)23565809 | ||
| 040 |
_aDLC _cMiU _dDLC |
||
| 042 | _apremarc | ||
| 050 | 0 | 0 |
_aDS318 _b.I3 |
| 100 | 1 | _aIdris, Soewardi. | |
| 245 | 1 | 0 | _aKisah tjinta ratu Soraya. |
| 260 |
_aDjakarta, _bDelegasi _c[1964] |
||
| 300 |
_a78 p. _billus. ports. _c18 cm. |
||
| 600 | 0 | 0 |
_aSoraya, _cPrincess, _d1932-2001. |
| 999 |
_c61755 _d61755 |
||